| 000 | 00504nam a22001812 4500 | ||
|---|---|---|---|
| 001 | 0000011745 | ||
| 005 | 20151217160124.0 | ||
| 008 | 090106s xx 000 0 eng d | ||
| 040 |
_aKABU _cKABU |
||
| 100 | 1 |
_aThornhill, Chris. _@0000167745 |
|
| 245 | 1 | 0 |
_aMobree of the black coast / _cChris Thornhill. |
| 250 | _a1st ed. | ||
| 260 |
_aNairobi : _bEnglish Press, _c[1955] |
||
| 300 | _a253 p. | ||
| 852 | 1 | _9p100 KES | |
| 908 | _a090106 | ||
| 950 | _@1 | ||
| 999 |
_c14593 _d14593 |
||